Strategia Nazionale LGBT

Uloženo v:
Podrobná bibliografie
Korporace: UNAR, Ministero per le Pari Opportunità
Médium: Kniha
Jazyk:angličtina
Vydáno: Roma UNAR 2013
Tagy: Přidat tag
Žádné tagy, Buďte první, kdo vytvoří štítek k tomuto záznamu!

MARC

LEADER 00000nam a2200000 4500
005 20240605174558.0
008 240605b |||||||| |||| 00| 0 eng d
040 |c GP 
110 |a UNAR 
245 |a Strategia Nazionale LGBT 
260 |a Roma  |b UNAR  |c 2013 
710 |a Ministero per le Pari Opportunità 
942 |2 ddc  |c BK  |n 0 
952 |0 0  |1 0  |2 ddc  |4 0  |6 306_766000000000000_UNA  |7 1  |9 1352  |a RM  |b RM  |d 2024-06-05  |l 0  |o 306.766 UNA  |p 183  |r 2024-06-05 17:46:21  |w 2024-06-05  |y BK 
999 |c 1242  |d 1242